00767nam a2200193 a 4500008004100000020001500041050001900056100002500075245003600100246004000136260003800176300002300214350000900237500001800246650003700264995010800301999001700409952014700426120416s1981 ||||||||||||||||| || u a0225662795 aBL 2480.I2 Met aMetuh, Emefie Ikenga10aGod and man in African religion aa case study of the Igbo of Nigeria aLondon :bGeoffrey Chapmanc1981. axiv, 181 p. : ill. a0.00 aBibliography. aIgbo (African people) - Religion D0.00FCBU-MAIN LIBRARY (Kitwe)H1I3.95M1UAVAILABLEWAug 1, 2006ZMain Library Open Access Collection c44765d44765 00102lcc4070a001b001cMain Library Open Access Collectiond2022-11-30l1oBL 2480.I2 Metp001117r2024-07-24s2024-07-08w2022-11-30y002